Central Library OPAC University of Rajshahi

Planning: economics and economy; (Record no. 4301)

MARC details
000 -LEADER
fixed length control field 00736cam a2200253 4500
001 - CONTROL NUMBER
control field 4301
003 - CONTROL NUMBER IDENTIFIER
rucl marc code BD-RjUL
005 - DATE AND TIME OF LATEST TRANSACTION
control field 20211208233853.0
008 - FIXED-LENGTH DATA ELEMENTS--GENERAL INFORMATION
fixed length control field 721219s1971 ii 001 0 eng
035 ## - SYSTEM CONTROL NUMBER
System control number (BD-RjUL)4336
040 ## - CATALOGING SOURCE
Original cataloging agency DLC
Transcribing agency DLC
Modifying agency DLC
Language of cataloging eng
041 ## - LANGUAGE CODE
Language code of text/sound track or separate title eng
082 00 - DEWEY DECIMAL CLASSIFICATION NUMBER
Classification number 338.954
Edition number 16
Author mark and year BHP 1971
100 1# - MAIN ENTRY--PERSONAL NAME
Personal name Bhattacharyya, Khagendranath,
Dates associated with a name 1907-
9 (RLIN) 13630
245 10 - TITLE STATEMENT
Title Planning: economics and economy;
Remainder of title the Indian context /
Statement of responsibility, etc. K. N. Bhattacharyya.
260 ## - PUBLICATION, DISTRIBUTION, ETC. (IMPRINT)
Place of publication, distribution, etc. Calcutta :
Name of publisher, distributor, etc. World Press,
Date of publication, distribution, etc. 1971.
300 ## - PHYSICAL DESCRIPTION
Pagination viii, 215 p.
Size 22 cm.
350 ## - PRICE (NR) (BK AM CF MU VM SE) [OBSOLETE]
Price Rs20.00 ($4.50 U.S.)
526 ## - STUDY PROGRAM INFORMATION NOTE
Requested Dept. Economics
651 #0 - SUBJECT ADDED ENTRY--GEOGRAPHIC NAME
Geographic name India
General subdivision Economic policy
Chronological subdivision 1966-1974.
9 (RLIN) 10007
942 ## - ADDED ENTRY ELEMENTS (KOHA)
Source of classification or shelving scheme Dewey Decimal Classification
Koha item type Books
Holdings
Lost status Source of classification or shelving scheme Damaged status Not for loan Collection code Permanent Location Current Location Shelving location Date acquired Source of acquisition Total Checkouts Full call number Date last seen Copy number Koha item type
  Dewey Decimal Classification     Non-fiction Central Library, University of Rajshahi Central Library, University of Rajshahi   14/09/1973 Calcutta, K. P. Bagchi and Co.   338.954 BHP 1971 22/12/2013 C-4 Books